| 000 | 00669nam a2200241 i 4500 | ||
|---|---|---|---|
| 001 | bg | ||
| 100 | 1 | _aPILARCZYK, Józef. | |
| 245 | 1 | 0 |
_aSpawanie i napawanie elektryczne metali / _cJózef Pilarczyk, Jan Pilarczyk. |
| 250 | _aWyd. 2 uzup. | ||
| 260 |
_aKatowice : _b"Śląsk", _c1996. |
||
| 300 |
_a430, [1] s. : _bfot., rys., wykr. ; _c24 cm. |
||
| 504 | _aBibliogr. s. [431]. | ||
| 650 | 9 | _aSpawanie | |
| 655 | _aPodręczniki akademickie | ||
| 700 | 1 | _aPILARCZYK, Jan. | |
| 020 | _a8371640218 | ||
| 040 | _cBPK | ||
| 041 | 1 | _apl | |
| 080 | _a621.791/.795(075.8) | ||
| 920 | _a83-7164-021-8 | ||
| 942 | _cKS | ||
| 008 | s pl f |000 0 pol | ||
| 999 |
_c33433 _d33433 |
||
| 856 |
_uhttp://koha.tu.koszalin.pl/cgi-bin/koha/opac-detail.pl?biblionumber=33433 _yKatalog online BPK |
||